000 00316nam a2200145Ia 4500
003 SGT
082 _a658,GOE
100 _aGOEL,SHELLY
245 _aPRINCIPLES OF MANAGEMENT
260 _bARYA PUBLICATION
_aNEW DELHI
_c2009
300 _a299p.
650 _aMANAGEMENT
700 _aoel,Rajesh
942 _2ddc
_cFCM
_03
999 _c6348
_d6348